000
00282nam a22001337a 4500
008
210427b ||||| |||| 00| 0 eng d
041
_a
eng
080
_a
32
082
_a
32
100
_a
19
101
_a
SHP
245
_a
Europaische Salons
_c
Fur E. M. Cioran
942
_2
udc
_c
BK
999
_c
56815
_d
56815